| 000 | 00000nam##2200000za#4500 |
| 001 | 9.641653 |
| 003 | CaOODSP |
| 005 | 20210624223324 |
| 007 | cr ||||||||||| |
| 008 | 150407|2001||||xxc|||||o f|0| 0 fre|d |
| 040 | |aCaOODSP|bfre |
| 043 | |an-cn--- |
| 086 | 1 |aP4-53/2001F-PDF |
| 110 | 1 |aCanada. |bTravaux publics et services gouvernementaux Canada. |
| 245 | 10|aGuide pour une construction et une rénovation respectueuses de l'environnement |h[ressource électronique] |
| 250 | |a2e éd. |
| 260 | |aOttawa - Ontario : |bTravaux publics et Services gouvernementaux Canada |c2001. |
| 300 | |a185p. |
| 590 | |a13-10-Supp|b2013-04-13 |
| 775 | 08|tThe environmentally responsible construction and renovation handbook |w(CaOODSP)9.697620 |
| 856 | 40|ahttp://publications.gc.ca|qPDF|s1999 Ko|uhttps://publications.gc.ca/collections/collection_2013/tpsgc-pwgsc/P4-53-2001-fra.pdf |